000 02138nam0a2200385 4500
001 RU\NLR\bibl\103257
005 20260429112235.0
010 _a5-87941-107-9
_9250
021 _aRU
_b2000-13905
_9674
035 _a(NLR Aleph) 000101010
090 _a570309
_c570309
100 _a20000814d1999 u y0rusy50 ca
101 0 _arus
102 _aRU
105 _aa |||||||||
200 1 _aМатематические методы исследования устойчивости и колебаний упругих систем
_eУчеб. пособие
_fВ.А. Брусин, Е.Н. Смирнов, Б.Л. Мазов
_gМ-во образования Рос. Федерации, Нижегор. гос. архит.-строит. ун-т
210 _aН. Новгород
_cННГАСУ
_d1999
215 _a47,[1] с.
_cил.
_d20
320 _aБиблиогр.: с. 47 (12 назв.)
606 0 _aУпругие системы
_jРуководства, пособия и т.п. для высшей школы
_xУстойчивость
_91835656
_3RU\NLR\auth\661122325
606 0 _aУпругие системы
_jУчебные издания для высшей школы
_xУстойчивость
_91835656
_3RU\NLR\auth\661122325
606 0 _aКолебания упругие
_jРуководства, пособия и т.п. для высшей школы
_91317024
_3RU\NLR\auth\66546765
606 0 _aУпругие колебания
_jУчебные издания для высшей школы
_92252306
_3RU\NLR\auth\661350899
686 _aВ251.1с11я73-1
700 1 _aБрусин
_bВ. А.
_gВладимир Александрович
_4070
701 1 _4070
_7ca
_8rus
_aСмирнов
_bЕ. Н.
_cканд. физ.-мат. наук, математика
_gЕвгений Николаевич
_92707219
_3RU\NLR\AUTH\770293013
701 1 _aМазов
_bБ. Л.
_gБогдан Львович
_4070
801 0 _aRU
_bNLR
_c20000814
_gPSBO
801 1 _aRU
_bNLR
_c20000814
830 _aАвт. по кн.
852 _aNLR
_j2000-4/3856
942 _cBOOK
980 _aNB